<?xml version="1.0" encoding="UTF-8"?>
<record
    xmlns:xsi="http://www.w3.org/2001/XMLSchema-instance"
    xsi:schemaLocation="http://www.loc.gov/MARC21/slim http://www.loc.gov/standards/marcxml/schema/MARC21slim.xsd"
    xmlns="http://www.loc.gov/MARC21/slim">

  <leader>01089nam a2200253 a 4500</leader>
  <controlfield tag="001">BRCA_7977</controlfield>
  <controlfield tag="005">20190320210059.0</controlfield>
  <controlfield tag="008">110314s1959----fr-a###f##---#001-0#fre-#</controlfield>
  <datafield tag="041" ind1=" " ind2=" ">
    <subfield code="a">fre</subfield>
  </datafield>
  <datafield tag="044" ind1=" " ind2=" ">
    <subfield code="a">fr</subfield>
  </datafield>
  <datafield tag="050" ind1=" " ind2="4">
    <subfield code="a">ND3171</subfield>
    <subfield code="b">.M56</subfield>
    <subfield code="c">1959</subfield>
  </datafield>
  <datafield tag="245" ind1="1" ind2="0">
    <subfield code="a">Le si&#xE8;cle d&#xB4;or de la miniature flamande</subfield>
    <subfield code="b">le m&#xE8;c&#xE8;nat de Philippe Le Bon</subfield>
    <subfield code="c">Biblioth&#xE8;que Nationale.</subfield>
  </datafield>
  <datafield tag="260" ind1=" " ind2=" ">
    <subfield code="a">Paris</subfield>
    <subfield code="b">Biblioth&#xE8;que Nationale</subfield>
    <subfield code="c">1959</subfield>
  </datafield>
  <datafield tag="300" ind1=" " ind2=" ">
    <subfield code="a">204 p.</subfield>
    <subfield code="b">il., (algunas a color) 64 l&#xE1;minas</subfield>
    <subfield code="c">25 cm.</subfield>
  </datafield>
  <datafield tag="500" ind1=" " ind2=" ">
    <subfield code="a">Exposition organisee a l&#xB4;ocasion du 400e. anniversaire de la fondation de la Bibliot&#xE8;que Royale de Philippe II, a Bruxelles le avril 1559; Palais des beaux-arts, Bruxelles, avril-mai-juin 1959</subfield>
  </datafield>
  <datafield tag="500" ind1=" " ind2=" ">
    <subfield code="a">Tres ejemplares id&#xE9;nticos e independientes inventariados como un s&#xF3;lo libro por el Banco de M&#xE9;xico</subfield>
  </datafield>
  <datafield tag="500" ind1=" " ind2=" ">
    <subfield code="a">X3</subfield>
  </datafield>
  <datafield tag="600" ind1="1" ind2="4">
    <subfield code="a">Le Bon Philippe</subfield>
    <subfield code="c">Philippe II</subfield>
    <subfield code="d">1396-1467</subfield>
    <subfield code="9">19779</subfield>
  </datafield>
  <datafield tag="650" ind1="1" ind2="4">
    <subfield code="a">Pintura flamenca</subfield>
    <subfield code="v">Exposiciones</subfield>
    <subfield code="z">B&#xE9;lgica</subfield>
    <subfield code="9">19780</subfield>
  </datafield>
  <datafield tag="650" ind1="1" ind2="4">
    <subfield code="a">Arte flamenco</subfield>
    <subfield code="v">Artistas</subfield>
    <subfield code="z">B&#xE9;lgica</subfield>
    <subfield code="9">19781</subfield>
  </datafield>
  <datafield tag="710" ind1="2" ind2=" ">
    <subfield code="a">Bibliot&#xE8;que Nationale</subfield>
    <subfield code="9">19782</subfield>
  </datafield>
  <datafield tag="902" ind1=" " ind2=" ">
    <subfield code="a">GFM</subfield>
  </datafield>
  <datafield tag="942" ind1=" " ind2=" ">
    <subfield code="2">lcc</subfield>
    <subfield code="c">B</subfield>
  </datafield>
  <datafield tag="999" ind1=" " ind2=" ">
    <subfield code="c">7646</subfield>
    <subfield code="d">7646</subfield>
  </datafield>
  <datafield tag="952" ind1=" " ind2=" ">
    <subfield code="0">0</subfield>
    <subfield code="1">0</subfield>
    <subfield code="4">0</subfield>
    <subfield code="7">0</subfield>
    <subfield code="a">BRCA</subfield>
    <subfield code="b">BRCA</subfield>
    <subfield code="d">2014-03-11</subfield>
    <subfield code="i">X3</subfield>
    <subfield code="l">0</subfield>
    <subfield code="o">ND3171 .M56 1959 (X3)</subfield>
    <subfield code="p">8588</subfield>
    <subfield code="r">2019-03-22 00:00:00</subfield>
    <subfield code="w">2019-03-22</subfield>
    <subfield code="y">B</subfield>
  </datafield>
</record>
